000 00483nam a22001817a 4500
003 OSt
005 20140310182800.0
008 130213t xxu||||| |||| 00| 0 eng d
020 _a1582553017
050 _aQP 41
_b.An53 2005
245 _aAnatomy & physiology made incredibly easy. /
_bill. ;
260 _aPhiladelphia :
_bLippincott Williams & Wilkins,
_c2005.
300 _a326 p. :
_c23 cm.
_bill. ;
521 _aNUR
562 _e1
942 _2lcc
_cBK
_kFOR
999 _c15946
_d15946